[Event "Asian Zonal 3.3 Women 2019"]
[Site "Ulaanbaatar"]
[Date "2019.04.07"]
[Round "1.1"]
[White "Munguntuul, Batkhuyag"]
[Black "Altantuya, Boldbaatar"]
[Result "1-0"]
[WhiteElo "2415"]
[BlackElo "2223"]
[Annotator "TA"]
[PlyCount "51"]
[EventDate "2019.04.07"]
[EventType "swiss"]
[EventRounds "9"]
[EventCountry "MGL"]
[SourceTitle "playchess.com"]
[Source "ChessBase"]
[SourceQuality "1"]

{[%evp 17,51,4,-3,0,57,53,57,66,90,75,143,164,154,155,155,147,129,136,193,199,189,177,285,270,360,358,335,305,305,306,373,341,339,333,491,489]} 1. e4 e6 2. d4 d5 3. Nc3 Nf6 4. e5 Nfd7 5. f4 c5 6. Nf3 Nc6 7. Be3 a6 8. Qd2 b5 9. dxc5 Bxc5 10. Bd3 {C11: French: Classical System: 4 e5 and 4 Bg5 dxe4} (10. Ne2 O-O 11. Ned4 Qb6 12. c3 b4 13. Bd3 a5 14. O-O Ba6 15. Kh1 Bxd3 16. Qxd3 Qa6 17. Qc2 bxc3 18. bxc3 {½-½ (31) Dominguez Perez,L (2739)-So,W (2788) Saint Louis 2017}) 10... d4 {[#]} (10... Qb6 $11 11. Bxc5 Nxc5) 11. Nxd4 $1 $14 {[%mdl 512]} Nxd4 (11... Bxd4 12. Bxd4) 12. Ne4 $1 {White is slightly better.} O-O {Threatens to win with ...Bb6.} 13. c3 Nf5 $146 (13... Nf3+ $142 14. gxf3 Bxe3 15. Qxe3 Qh4+ 16. Ke2 Bb7) ({Predecessor:} 13... Qh4+ 14. Qf2 Nf3+ 15. gxf3 Be7 16. Qxh4 Bxh4+ 17. Ke2 Bb7 {1-0 (31) To,N (2329)-Nguyen,V (2352) Hanoi 2014}) 14. Bxc5 $16 Nxc5 15. Nxc5 Qc7 16. Qf2 Bb7 17. O-O Rac8 (17... Rfd8 $16 {is a better defense.} 18. a3 Bc6) 18. b4 $18 Rfd8 19. a4 {[%cal Ba2a4,Ba4a5][%mdl 32]} Qb6 (19... bxa4 {keeps fighting.} 20. Bxf5 (20. Rxa4 Rxd3 21. Nxd3 Qxc3 $16) 20... exf5 21. Rxa4 h6) 20. Rfd1 Rd5 21. a5 Qa7 22. c4 bxc4 23. Bxc4 {[%mdl 64] [#] Discovered Attack} Ne7 24. Bxd5 Bxd5 25. Rac1 h6 (25... Rb8 {was worth a try.} 26. Nd3 Qb7) 26. Na4 {Accuracy: White = 98%, Black = 17%.} 1-0

[Event "Asian Zonal 3.3 Women 2019"]
[Site "Ulaanbaatar"]
[Date "2019.04.07"]
[Round "1.2"]
[White "Le, Thanh Tu"]
[Black "Sukandar, Irine Kharisma"]
[Result "1-0"]
[WhiteElo "2220"]
[BlackElo "2384"]
[Annotator "TA"]
[PlyCount "161"]
[EventDate "2019.04.07"]
[EventType "swiss"]
[EventRounds "9"]
[EventCountry "MGL"]
[SourceTitle "playchess.com"]
[Source "ChessBase"]
[SourceQuality "1"]

{[%evp 10,161,25,21,41,30,31,31,35,19,19,19,19,20,19,20,27,28,23,17,35,22,113,110,143,125,348,379,372,355,352,354,347,331,323,303,316,329,329,310,354,356,316,343,340,332,416,404,428,400,449,423,441,445,422,405,400,377,412,313,297,148,172,148,148,148,158,148,175,148,148,0,168,155,165,116,150,126,122,118,126,126,168,172,169,162,249,234,228,234,158,157,133,61,184,185,59,52,52,52,184,168,189,178,211,216,216,216,591,209,576,193,189,0,274,273,273,273,583,574,379,225,1494,1464,1420,1371,1310,1327,7381,7559,6003,5766,1439,2206,29975,29976,29974,6198,29981,29981,29982,29982,29983,29979,29979,29979,29979,29979,29983,29984,29993,29987,29987,29988]} 1. d4 Nf6 2. c4 e6 3. g3 d5 4. Nf3 dxc4 5. Bg2 Bb4+ 6. Bd2 c5 {E04: Open Catalan: 5 Nf3} (6... a5 7. Qc2 Bxd2+ 8. Qxd2 c6 9. Ne5 b5 10. a4 Ra6 11. Nc3 Bd7 12. Nxd7 Qxd7 13. axb5 cxb5 14. Qg5 O-O 15. Qxb5 Qxd4 {½-½ (27) Postny,E (2615)-Anand,V (2773) St Petersburg 2018}) 7. Bxb4 cxb4 8. Ne5 O-O {White is slightly better.} 9. Nxc4 Nc6 10. e3 e5 {[%cal Re5d4]} 11. d5 $36 {[%mdl 2048] Black is under pressure.} b5 12. O-O Bg4 13. Qd2 bxc4 14. dxc6 {[#]} Qb6 $146 15. Qc2 {Black should prevent Rc1.} Qb5 (15... e4 $11 {remains equal.}) 16. Rc1 Rad8 17. Nd2 Be2 $2 (17... e4 $16) 18. c7 $18 ({But not} 18. Nxc4 Bxc4 19. c7 (19. Qxc4 Rd1+ {[%mdl 64] Deflection} 20. Rxd1 Qxc4 $18) 19... g6 $18) 18... Rd7 19. Nxc4 Bd3 20. Qb3 $1 Rc8 21. Bh3 Rdxc7 {[%cal Rd3c4]} 22. Qxd3 (22. Bxc8 Bxc4 23. a4 Qd5 $14) 22... Rxc4 23. Rd1 $1 e4 24. Qe2 Qe5 25. Bxc8 Rxc8 26. Rac1 Re8 27. Rd4 Qe6 28. Rxb4 Qxa2 29. Rbc4 h5 30. Rc8 Rxc8 31. Rxc8+ {[%mdl 4096] Endgame KQR-KQN} Kh7 32. Kg2 h4 33. gxh4 Qe6 34. Rc7 Ng4 {intending ...Qg6.} 35. h3 (35. Rxa7 $18 {has better winning chances. h3 is the strong threat.} Qg6 36. Kh1) 35... Qe5 $16 {( -> ...Qh2+)} 36. Qxg4 Qxc7 37. Qxe4+ $18 {KQ-KQ} Kg8 38. b4 Qd7 39. Qa8+ Kh7 40. Qe4+ Kg8 $1 41. h5 Qd8 42. h4 Qd1 43. Qf3 Qd7 44. Kg3 Qd6+ 45. Qf4 Qd1 46. Qb8+ Kh7 47. Qxa7 Qg1+ (47... Qd6+ $142 48. Kg4 Qxb4+ 49. Qd4 Qb7) 48. Kf3 Qd1+ 49. Ke4 Qb1+ 50. Kf4 $1 Qxb4+ 51. Qd4 ({Better is} 51. Kf3 $1 $16) 51... Qe1 $1 $14 52. Qe4+ $1 Kg8 53. Qa8+ Kh7 54. Qf3 Kg8 (54... Qg1 $14) 55. Kg3 $1 $18 Qg1+ 56. Kh3 $1 Qf1+ 57. Kh2 $1 Qc4 58. Kg3 Kh7 $2 (58... Qc7+ {is tougher.} 59. Qf4 Qe7) 59. Qg4 $2 (59. Qf5+ Kg8 60. Qg5) 59... Qc7+ $2 (59... Qc6 60. Qf5+ Kg8) 60. Kg2 $2 (60. Qf4 Qe7 61. Qf5+ Kh8 62. Qf4) 60... Qc6+ 61. Kg3 $2 (61. e4 $18) 61... Qd6+ $2 {[%mdl 8192]} (61... Qc7+ $1 $11 {and Black has nothing to worry.} 62. Qf4 Qe7) 62. Qf4 Qd5 63. e4 Qb3+ $2 (63... Qd1 {is a better chance.} 64. Qxf7 Qg1+ 65. Kf3 Qh1+ 66. Kf4 Qxh4+ 67. Ke5 Qh1 68. Qg6+ Kg8) 64. Kg2 Qc4 65. Qf5+ (65. h6 $142) 65... Kg8 $2 (65... Kh6 66. Qg5+ Kh7) 66. h6 $1 {[%cal Rh6g7]} gxh6 67. Kg3 Qd3+ 68. f3 Qe3 69. Kg4 Kg7 {[#]} 70. Kh5 $1 Qb6 71. e5 Qe3 72. Qf6+ Kg8 73. f4 Qe4 74. Kxh6 {[%csl Gh6][%cal Rf6g7] White mates.} Qh7+ 75. Kg5 Qd3 76. f5 Qa3 77. Kh6 {[%csl Gh6][%cal Rf6g7]} Qf8+ {[#]} 78. Kh5 $1 Qe8 79. e6 Kh7 80. Qxf7+ ({Weaker is} 80. exf7 Qe2+ 81. Kg5 Qg2+ 82. Kf4 Qf2+ 83. Ke5 Qe2+ 84. Kf4 Qc4+ 85. Kf3 Qd5+ 86. Ke3 Qb3+ 87. Kf2 Qc2+ 88. Kg3 Qd3+ 89. Kf2 Qd2+ 90. Kf3 Qd3+ 91. Kg2 Qe2+ 92. Kg3 Qd3+ 93. Kh2 Qe2+ 94. Kg3 Qe1+ 95. Kh2 Qe2+ 96. Kg3 $11) 80... Qxf7+ 81. exf7 {Accuracy: White = 67%, Black = 34%.} 1-0

[Event "Asian Zonal 3.3 Women 2019"]
[Site "Ulaanbaatar"]
[Date "2019.04.07"]
[Round "1.3"]
[White "Pham, Le Thao Nguyen"]
[Black "Frayna, Janelle Mae"]
[Result "1/2-1/2"]
[WhiteElo "2383"]
[BlackElo "2163"]
[Annotator "TA"]
[PlyCount "105"]
[EventDate "2019.04.07"]
[EventType "swiss"]
[EventRounds "9"]
[EventCountry "MGL"]
[SourceTitle "playchess.com"]
[Source "ChessBase"]
[SourceQuality "1"]

{[%evp 14,105,16,7,19,-7,0,-13,1,-14,0,0,34,0,13,10,36,-7,-3,8,7,-31,-8,-28,-18,-52,-52,-95,-84,-126,-79,-93,-58,-58,-58,-58,-55,-51,-35,-64,-41,-47,-41,-43,-43,-45,-43,-49,-39,-41,-25,-36,-13,-57,-47,-44,-61,-66,-62,-67,-37,-52,-41,-52,-14,-14,-14,-13,-11,-36,-4,-4,0,-48,-38,-52,0,-85,0,-114,-121,-117,-112,-143,-103,-91,-47,-152,-148,-141,0,0,0,-129]} 1. d4 g6 2. Nf3 Bg7 3. g3 Nf6 4. Bg2 d5 5. O-O O-O 6. Nbd2 {[%cal Bb1d2,Bd2b3,Bb3c5,Bc5d3,Bd3b4][%mdl 32]} c6 7. c3 Bf5 8. Nh4 Be6 {D02: 1 d4 d5 2 Nf3 sidelines, including 2...Nf6 3 g3 and 2...Nf6 3 Bf4} 9. Nb3 (9. f4 Na6 10. f5 Bd7 11. e4 dxe4 12. Nxe4 Nxe4 13. Bxe4 Qb6 14. Qb3 Bf6 15. Bh6 Qxb3 16. axb3 {0-1 (62) Artemiev,V (2709)-Duda,J (2738) St Petersburg 2018}) 9... Bc8 $146 ({Predecessor:} 9... Nbd7 10. a4 a5 11. f4 Nb6 12. f5 Bc8 13. Nc5 Nc4 14. b3 Nd6 15. fxg6 hxg6 16. Qc2 {0-1 (34) Yakobson,G (2450)-Koskivirta,O (2410) ICCF corr 2002}) 10. Nc5 Nbd7 11. Nd3 Ne4 12. Nf3 Qb6 13. Be3 f6 14. Qc2 Qa6 15. Nb4 Qa5 16. Nd2 Nd6 17. a3 Nf5 18. Nb3 Qd8 19. Bd2 Nd6 20. Qc1 e5 21. Bh6 e4 22. Bf4 Nc4 23. Nd2 Nxd2 24. Bxd2 a5 25. Nc2 Nb6 26. Bh6 Be6 27. Bxg7 Kxg7 28. f3 f5 29. a4 Qd6 30. b3 Rae8 31. fxe4 fxe4 32. Qd2 Nd7 (32... Qd8 {feels hotter.} 33. Rab1 Rxf1+ 34. Rxf1 Rf8 35. Rxf8 Qxf8 36. Qc1 Nd7) 33. Rf4 (33. Ne3 {seems wilder.} Rxf1+ 34. Rxf1 Rf8 35. Rb1 b6 36. c4) 33... Rxf4 34. Qxf4 Qxf4 35. gxf4 Nf6 36. e3 b6 37. b4 Ra8 38. Bf1 Nd7 39. Kf2 Kf6 40. h4 Ke7 41. Be2 Kd6 42. Ke1 Nf6 43. Kd2 Bg4 $36 {[%mdl 2048] White is under pressure.} 44. Bf1 Be6 (44... Bd7 $15) 45. Ra3 (45. Be2 $11 {keeps the balance.}) 45... Ra7 (45... Bd7 $17) 46. Na1 (46. b5 $11) 46... Nh5 $17 47. Nb3 Ng3 48. Be2 h5 49. bxa5 bxa5 (49... Nxe2 50. axb6 Ra6 51. a5 $18 (51. Kxe2 Rxb6 52. a5 Rb8 $16)) 50. Ra1 (50. Nc5 $15) 50... Rb7 51. Bd1 Nf1+ (51... Nf5 $17 52. c4 Rb8) 52. Ke2 $11 Ng3+ ({Black should play} 52... Nh2 $11 53. Bc2 Bg4+ 54. Kf2 Bc8) 53. Kd2 $1 {Accuracy: White = 40%, Black = 47%.} 1/2-1/2

[Event "Asian Zonal 3.3 Women 2019"]
[Site "Ulaanbaatar"]
[Date "2019.04.07"]
[Round "1.4"]
[White "Otgonjargal, Sengeravdan"]
[Black "Aulia, Medina Warda"]
[Result "1/2-1/2"]
[WhiteElo "2162"]
[BlackElo "2362"]
[Annotator "TA"]
[PlyCount "67"]
[EventDate "2019.04.07"]
[EventType "swiss"]
[EventRounds "9"]
[EventCountry "MGL"]
[SourceTitle "playchess.com"]
[Source "ChessBase"]
[SourceQuality "1"]

{[%evp 18,67,27,23,33,0,7,-13,-6,-16,0,-2,0,0,6,-19,0,0,0,0,0,0,41,41,58,59,101,100,124,122,121,115,204,131,131,141,217,174,233,242,316,268,269,265,396,314,279,0,354,0,286,0]} 1. e4 e6 2. d4 d5 3. exd5 exd5 4. Bd3 Nc6 5. c3 Bd6 6. Qf3 Nge7 7. Ne2 Be6 8. Bf4 Ng6 9. Bxd6 Qxd6 10. Qg3 Qd7 {C01: French: Exchange Variation} (10... O-O-O 11. Nd2 Nce7 12. O-O Nf5 13. Qxd6 Nxd6 {½-½ (13) Zlatanovic,B (2374)-Kosic,D (2492) Kragujevac 2015}) 11. Nd2 Nce7 12. Nb3 b6 {The position is equal.} 13. O-O $146 ({Predecessor:} 13. Nd2 Nf5 14. Bxf5 Bxf5 15. Nf3 O-O-O 16. O-O h5 17. h4 Bg4 {0-1 (45) Isakson,A (1926)-Magnussen,H (2063) Oberhof 2010}) 13... Bf5 14. Rfe1 Bxd3 15. Qxd3 O-O 16. Qg3 f5 17. Nf4 Nxf4 18. Qxf4 Ng6 19. Qg5 f4 20. Nd2 Rf5 21. Qg4 Qf7 22. Nf3 Rf8 23. Re2 h5 24. Qh3 Ne7 (24... Qd7 $16 25. Rae1 a6) 25. Ne5 Qe6 26. Rae1 Nc8 (26... Ng6 $16 {is a better defense.}) 27. Qf3 Nd6 {[#]} (27... a5 $142 28. h3 Qd6) 28. c4 $1 $18 {[%mdl 512]} Kh7 (28... dxc4 29. Nc6) 29. Nc6 ({Not} 29. Qxd5 Qxd5 30. cxd5 Nb5 $16) 29... Qf6 30. cxd5 Qf7 (30... Qg5 {might work better.} 31. Ne7 (31. Nxa7 Qg4 $16) 31... R5f7) 31. Ne5 Qe8 32. Nc6 Qf7 33. Ne5 ({Less strong is} 33. Nxa7 Qxd5 34. Qxd5 Rxd5 $16) 33... Qe8 $1 34. Nc6 $2 {Accuracy: White = 34%, Black = 35%.} (34. Rc1 $18) 1/2-1/2

[Event "Asian Zonal 3.3 Women 2019"]
[Site "Ulaanbaatar"]
[Date "2019.04.07"]
[Round "1.5"]
[White "Vo, Thi Kim Phung"]
[Black "Pham, Bich Ngoc"]
[Result "1/2-1/2"]
[WhiteElo "2349"]
[BlackElo "2160"]
[Annotator "TA"]
[PlyCount "92"]
[EventDate "2019.04.07"]
[EventType "swiss"]
[EventRounds "9"]
[EventCountry "MGL"]
[SourceTitle "playchess.com"]
[Source "ChessBase"]
[SourceQuality "1"]

{[%evp 15,92,21,34,10,34,0,13,-18,35,25,58,45,49,17,25,26,44,34,41,43,34,35,59,55,64,79,26,0,17,25,75,0,42,42,45,42,45,36,53,44,53,21,178,171,248,269,322,162,159,107,259,222,213,192,418,-137,-129,-229,0,0,0,0,0,-152,-122,-121,-8,-110,-101,-143,-138,-176,0,-5,0,0,0,-41,0]} 1. d4 f5 2. Nf3 Nf6 3. g3 g6 4. Bg2 Bg7 5. c4 O-O 6. Nc3 d6 7. O-O c6 8. Qb3 Na6 9. Bd2 {A88: Dutch Defence: Leningrad System: 5 Nf3 0-0 6 0-0 d6 7 Nc3 c6} (9. Re1 Kh8 10. e4 e5 11. exf5 exd4 12. Nxd4 Nc5 13. Qd1 gxf5 14. Bf4 Nce4 15. Rc1 d5 16. Nxe4 Nxe4 {1-0 (35) Mamedyarov,S (2817)-Anton Guijarro,D (2642) St Petersburg 2018}) 9... Qe8 10. Rfe1 Ne4 11. Be3 {The position is equal.} Nxc3 (11... e5 $11) 12. bxc3 $14 Kh8 $146 ({Predecessor:} 12... Rb8 13. c5+ Kh8 14. cxd6 exd6 {½-½ (32) Elster,W (1765)-Betz,E (1910) Bad Woerishofen 2000}) 13. c5 dxc5 14. Ne5 cxd4 15. cxd4 Nc7 16. Rab1 Ne6 17. f4 Bxe5 18. fxe5 f4 19. gxf4 Nxf4 20. Bxf4 Rxf4 21. e3 Rf8 22. Rf1 Kg7 23. e4 (23. e6 $16) 23... b6 24. Rxf8 Qxf8 25. Rf1 $36 {[%mdl 2048] Black is under pressure.} Qg8 26. d5 {[%mdl 1024] White has compensation.} Ba6 27. Rc1 $1 c5 28. Qa4 Bd3 $2 (28... Be2 $11 {and Black stays safe.}) 29. Qa3 $1 $18 {[%cal Ra3d3]} Bb5 (29... Be2 $142) 30. e6 Qe8 31. Qb2+ (31. Rc2 $142) 31... Kg8 32. Rc3 (32. Rc2 $142 {Threatens to win with Rf2.} Bd3 33. Rf2) 32... Ba6 $2 (32... Ba4 $16 {was called for.}) 33. Rf3 Qb5 34. Qa1 {Threatening mate with Rf7.} Qb4 $2 (34... Qe2 35. d6 (35. Rf7 Qe3+ 36. Kh1 Qd4 $11) 35... Qd2) 35. Qc1 $2 (35. Rf7 $18 {[%csl Gf7][%cal Ra1g7]} Qd4+ 36. Qxd4 cxd4 37. Rxe7) 35... Qd4+ $1 $17 36. Kh1 (36. Qe3 $17) 36... Rf8 $2 ({And not} 36... Qxe4 37. d6 $1 $11 {[%mdl 512]} (37. Rf8+ $2 Rxf8 38. Bxe4 Rf1+ 39. Qxf1 Bxf1 $19)) (36... Bd3 $1 $19 {[%cal Rd3e4]} 37. Qe3 Qa1+ 38. Qg1 Qxg1+ 39. Kxg1 Bxe4) 37. Rxf8+ $11 Kxf8 38. Qf4+ Qf6 39. Qb8+ $2 (39. Qxf6+ $1 $11 exf6 40. d6) 39... Kg7 $17 {( -> ...Qa1+)} 40. h3 {[#]} Bd3 (40... Bf1 $1 $17 {...Bxg2+ is the strong threat.} 41. Qxa7 Bxg2+ 42. Kxg2 Qb2+ 43. Kf3 Kf6) 41. Qc7 (41. Qxa7 $11 c4 42. Qc7) 41... c4 42. e5 Qh4 43. Kh2 {[#]} Qf4+ $2 ({Black should try} 43... Bf5 $1 $19 {Strongly threatening ...Kh6.} 44. d6 Bxe6 45. Qxa7 Qg5) 44. Kh1 $11 Qc1+ 45. Kh2 Qf4+ 46. Kh1 Qc1+ {Accuracy: White = 42%, Black = 15%.} (46... c3 $5 47. Qxc3 Be4 $17) 1/2-1/2

[Event "Asian Zonal 3.3 Women 2019"]
[Site "Ulaanbaatar"]
[Date "2019.04.07"]
[Round "1.6"]
[White "Mendoza, Shania Mae"]
[Black "Munkhzul, Turmunkh"]
[Result "1/2-1/2"]
[WhiteElo "2156"]
[BlackElo "2348"]
[Annotator "TA"]
[PlyCount "113"]
[EventDate "2019.04.07"]
[EventType "swiss"]
[EventRounds "9"]
[EventCountry "MGL"]
[SourceTitle "playchess.com"]
[Source "ChessBase"]
[SourceQuality "1"]

{[%evp 9,113,39,73,64,64,53,82,94,111,109,90,61,59,61,57,56,54,19,95,61,46,41,52,23,28,28,28,12,14,0,18,18,17,17,41,12,36,18,26,-15,60,45,65,12,18,22,113,8,0,12,30,-6,12,-33,-25,-35,-20,-24,-24,-24,-24,-24,-25,-27,-12,-13,-8,-16,0,-8,0,-12,-6,-11,0,0,0,-31,-23,-25,0,-25,0,0,0,-9,0,0,0,0,0,0,42,-26,0,0,31,-21,0,0,0,-20,0,0,48,-8]} 1. d4 Nf6 2. Bg5 Ne4 3. Bf4 d5 4. e3 Nd7 (4... c5 5. Bd3 Nf6 6. c3 Nc6 7. Nd2 Qb6 8. Rb1 Bg4 9. Ngf3 e6 10. Qa4 Be7 11. Ne5 O-O 12. Bg5 c4 13. Bc2 Bh5 14. Bxf6 gxf6 {1-0 (52) Mchedlishvili,M (2603)-Amin,B (2689) Riadh 2017}) 5. Bd3 Ndf6 6. f3 {A45: Trompowsky Attack} Nd6 7. Nc3 e6 8. e4 {White is better.} Nc4 $146 ({Predecessor:} 8... Nh5 9. Be3 Be7 10. g4 dxe4 11. fxe4 Bh4+ 12. Kf1 {1-0 (35) Hodgson,J (2550)-Paunovic,D (2495) Cacak 1996}) 9. Bxc4 $1 dxc4 10. Nb5 Bd6 $1 {[%cal Rd6f4]} 11. Qd2 a6 $1 {[#] White must now prevent ...Bxf4.} 12. Nxd6+ cxd6 13. Bg5 Qb6 (13... h6 $11 14. Bxf6 Qxf6) 14. c3 Nd7 15. Ne2 O-O 16. Rb1 Qc7 17. O-O b5 18. b3 Nb6 19. Rfe1 Bb7 20. Ng3 f6 21. Bf4 Qc6 22. Rbd1 Rae8 23. Be3 Qc7 24. Kh1 Nd7 (24... f5 $11) 25. Bf4 $14 Rf7 26. d5 (26. bxc4 $14 bxc4 27. Rb1) 26... e5 $11 27. Be3 Nf8 (27... g6 $11 {keeps the balance.}) 28. f4 (28. bxc4 $16 bxc4 29. Rb1) 28... exf4 29. Bxf4 Bc8 30. h3 Ng6 31. b4 Bd7 32. a3 Rfe7 33. Rf1 Ne5 34. Bxe5 Rxe5 35. Rf4 Qd8 36. Rdf1 Bc8 37. Qf2 Qc7 38. Qf3 Qf7 39. Kh2 Qe7 40. Qf2 Qc7 41. Qf3 Rf8 42. Ne2 Qe7 43. Ng3 Bd7 44. Qf2 Bc8 45. Qf3 Qa7 46. Ne2 Qe7 47. Ng3 Re8 48. Qf2 Rg5 49. Qf3 Re5 50. Qf2 Qd8 51. Qf3 ({White should play} 51. Ra1 $14) 51... Qe7 52. Qf2 Qd8 53. Qf3 (53. Ra1 $14) 53... Qb6 54. Nh5 {[#] Rxf6! is the strong threat.} Qd8 55. Ng3 Qe7 56. Qf2 Qd8 57. Qf3 {Accuracy: White = 46%, Black = 36%.} (57. Ra1 $14) 1/2-1/2

[Event "Asian Zonal 3.3 Women 2019"]
[Site "Ulaanbaatar"]
[Date "2019.04.07"]
[Round "1.7"]
[White "Hoang, Thi Bao Tram"]
[Black "Amina, Battsooj"]
[Result "1-0"]
[WhiteElo "2298"]
[BlackElo "2155"]
[Annotator "TA"]
[PlyCount "117"]
[EventDate "2019.04.07"]
[EventType "swiss"]
[EventRounds "9"]
[EventCountry "MGL"]
[SourceTitle "playchess.com"]
[Source "ChessBase"]
[SourceQuality "1"]

{[%evp 13,117,10,33,25,50,10,12,17,9,9,30,16,16,23,32,26,18,23,26,19,42,19,31,20,94,92,106,99,135,-7,0,-40,-45,-35,-17,-16,-5,-22,-14,-15,-29,-26,-38,-135,-4,-16,0,0,0,-14,-11,-10,0,0,0,0,35,13,51,21,66,84,68,59,171,171,171,171,170,145,127,116,118,118,112,122,125,114,243,228,371,376,437,382,885,885,873,837,857,839,1511,1419,29968,29971,29971,29971,29972,29973,29972,195,29973,29974,29983,29984,29986,29987]} 1. d4 d5 2. Nf3 Nf6 3. c4 e6 4. Qc2 Be7 5. Bf4 O-O 6. e3 b6 7. Nc3 c5 8. dxc5 {D37: Queen's Gambit Declined: 5 Bf4} (8. Rd1 Bb7 9. dxc5 bxc5 10. cxd5 exd5 11. Be2 Nbd7 12. O-O Rc8 13. Ne5 Nb6 14. Bf3 Bd6 15. Qf5 Re8 16. Nd3 g6 17. Qg5 Ba6 18. Bxd6 Qxd6 19. Ne2 Nc4 20. Ng3 {½-½ (20) Shimanov,A (2642)-Bocharov,D (2574) Minsk 2017}) 8... Bxc5 9. Be2 dxc4 $146 ({Predecessor:} 9... Bb7 10. O-O-O Qe7 11. Kb1 Na6 12. a3 Rac8 13. Qa4 Bd6 14. Bg5 Nc5 15. Qxa7 Ra8 16. Qxb6 Rfb8 17. Nb5 Nce4 18. Bxf6 gxf6 19. Nxd6 Nxd6 {0-1 (27) Pribyl,J-Volf,M (1620) Nachod 2002}) 10. O-O {The position is equal.} Bb7 11. Rfd1 Qc8 12. Nb5 {next Nc7 is good for White.} a6 13. Nd6 $36 {[%mdl 2048] White is more active.} Bxd6 $1 14. Bxd6 Rd8 15. Qxc4 Qxc4 16. Bxc4 Nc6 17. Be2 Rac8 18. Ne5 Rxd6 (18... Nd5 $11 {keeps the balance.} 19. Nxc6 Rxc6) 19. Rxd6 $16 Nxe5 20. Rxb6 Rc7 21. Rd1 ({White must play} 21. Bxa6 $16 Bxa6 22. Rxa6) 21... Kf8 22. f3 Nd5 23. Rb3 Ke7 24. e4 Nf4 25. Bf1 $1 g5 26. Kf2 Rc2+ 27. Ke3 $1 Bc6 28. g3 (28. Rd2 $15 Bxe4 29. Rxc2 Bxc2 30. Ra3) 28... Nh5 (28... Ng2+ $1 $17 29. Bxg2 Rxg2) 29. Rd2 $11 Nc4+ (29... Rxd2 {looks sharper.} 30. Kxd2 g4 31. fxg4 Nf6 32. Be2 a5) 30. Bxc4 $1 Rxc4 31. Rc3 (31. Rdd3 {is more complex.} Bb5 32. Rdc3 Ra4 33. Ra3 Rb4 34. Rab3) 31... Rxc3+ 32. bxc3 e5 33. Rb2 Bb5 34. Rb4 Nf6 35. c4 {[%mdl 1024] White has compensation.} Bd7 36. Rb6 Be6 37. Rxa6 Bxc4 38. Ra7+ Nd7 (38... Kd8 $14) 39. a4 $18 Kd6 40. a5 Nb8 41. Rb7 Nd7 42. f4 gxf4+ 43. gxf4 exf4+ 44. Kxf4 Kc6 45. Rb1 Nc5 {[#]} (45... Kd6 $16) 46. Rb6+ $1 Kc7 (46... Kd7 {might work better.} 47. Ke3 Na6) 47. Rh6 Nb7 48. a6 {Hoping for a7.} Nd8 $2 (48... Nc5 49. a7 (49. Rxh7 Bxa6 50. Rxf7+ Kd6 $16) 49... Kb7 50. Rxh7 Kxa7) 49. h4 Ne6+ 50. Ke5 Bxa6 51. Rxh7 Nd8 52. h5 Kd7 53. Rh6 Be2 54. Rd6+ Ke7 {[#]} 55. Rxd8 $1 {[%mdl 512]} Bxh5 (55... Kxd8 56. h6) 56. Ra8 $2 (56. Rb8 {mates} Bg4 57. Rb7+ Bd7 58. Ra7 f6+ 59. Kd5 Ke8 60. Kd6 Bg4 61. Rh7) 56... Bg4 $2 (56... Bg6 $18 57. Ra7+ Kf8) 57. Ra7+ {White mates.} Ke8 58. Kf6 Bh5 59. e5 {Accuracy: White = 56%, Black = 27%.} 1-0

[Event "Asian Zonal 3.3 Women 2019"]
[Site "Ulaanbaatar"]
[Date "2019.04.07"]
[Round "1.8"]
[White "Bayarmaa, Bayarjargal"]
[Black "Nguyen, Thi Mai Hung"]
[Result "0-1"]
[WhiteElo "2147"]
[BlackElo "2281"]
[Annotator "TA"]
[PlyCount "94"]
[EventDate "2019.04.07"]
[EventType "swiss"]
[EventRounds "9"]
[EventCountry "MGL"]
[SourceTitle "playchess.com"]
[Source "ChessBase"]
[SourceQuality "1"]

{[%evp 25,94,24,33,36,30,-9,-42,-41,0,-31,52,-143,-138,-134,-76,-179,-145,-533,-541,-536,-524,-1014,0,0,0,-1033,-1062,-794,-466,-466,-450,-389,-335,-390,-381,-385,-380,-370,-362,-358,-325,-351,-337,-318,0,-345,-338,-370,-370,-679,-679,-614,-417,-417,-417,-587,-554,-554,-450,-520,-517,-29973,-29972,-29979,-29980,-29990,-29991,-29991,-29992,-29997,-558]} 1. e4 c5 2. Nf3 d6 3. d4 cxd4 4. Nxd4 Nf6 5. Nc3 g6 6. f3 Bg7 7. Be3 Nc6 8. Qd2 O-O 9. O-O-O d5 10. Qe1 e5 11. Nxc6 bxc6 12. exd5 Nxd5 13. Bc4 Be6 14. h4 {B76: Sicilian Dragon: Yugoslav Attack, 9 g4 and 9 0-0-0} (14. Kb1 Rb8 15. Ne4 Qc7 16. Bc5 Rfd8 17. g4 h6 18. Bb3 a5 19. Rg1 Rd7 20. h4 Rbd8 21. a4 Nf4 22. Rxd7 Rxd7 23. Bxe6 Nxe6 {½-½ (32) Anand,V (2776)-Nakamura,H (2787) Moscow 2018}) 14... Qc7 15. Nxd5 cxd5 16. Bxd5 {Black is slightly better.} Rac8 {[%csl Gc8][%cal Rc7c2]} (16... Bxd5 17. Rxd5 e4 18. fxe4 $14) 17. Qe2 $146 ({Predecessor:} 17. Qf2 Bxd5 18. Rxd5 Qc4 19. Qd2 Qxa2 20. Ra5 Qc4 21. c3 Rfd8 22. Qc2 Rd3 23. Ra4 Qb5 24. Rb4 Qa6 25. Ra4 Qb5 26. Rb4 Qa6 27. Ra4 {½-½ (27) Galuszka,K-Bieszk,S (1828) ICCF email 2016}) 17... Rfe8 (17... e4 $15 18. fxe4 Bxd5 19. Rxd5 (19. exd5 Qe5 $17) 19... Bxb2+ 20. Kxb2 Qc3+ 21. Kb1 Rb8+ 22. Rb5 Rxb5+ 23. Qxb5 Qxe3) 18. h5 $2 {[#]} (18. c3 $14) 18... e4 $1 $17 {[%cal Re4f3]} 19. hxg6 hxg6 $40 {[%mdl 128] White is in trouble.} (19... exf3 $142 20. gxf7+ (20. gxh7+ $2 Kh8 $19) (20. Bxf3 $2 hxg6 21. g4 Bxa2 $19) (20. gxf3 $2 Bxd5 21. Rxd5 Rxe3 $19) 20... Bxf7 21. Bxf7+ Qxf7) 20. Bxe6 ({Avoid the trap} 20. Bxe4 $2 f5 $19) (20. fxe4 $17 Bxd5 21. Rxd5) 20... Rxe6 $19 21. f4 $2 {[%mdl 8192] [#]} (21. c3 $17 {is a better chance.} Bxc3 22. Kb1 exf3 23. gxf3) 21... Bxb2+ $1 {[%mdl 576] Remove Defender} 22. Kxb2 Qc3+ 23. Kb1 Qb4+ 24. Ka1 {Threatens to win with Bd4.} Qc3+ {[%mdl 64] Double Attack} 25. Kb1 Rb8+ 26. Kc1 Qa1+ (26... Rc6 $2 27. Rh8+ Qxh8 28. Bd4 $19) 27. Kd2 {[#]} Rd6+ $1 28. Ke1 Rb1 29. Kf2 Rbxd1 ({Weaker is} 29... Rdxd1 30. Rxd1 Rxd1 31. Qc4 $19) 30. Rxd1 Qxd1 {[%mdl 4096] Endgame KQR-KQB} ({Not} 30... Rxd1 31. Qc4 $19) 31. Qc4 Qd5 32. Qc8+ Rd8 33. Qc7 Rd7 34. Qc8+ Rd8 35. Qc7 Qd7 36. Qe5 Re8 37. Qa5 $2 (37. Qf6 Re6 38. Qb2) 37... Rc8 38. c3 Qc7 39. Qd5 Qc4 40. Qd7 (40. Qxc4 $142 Rxc4 41. Bd4) 40... Qxa2+ 41. Kg1 Qe6 42. Qxa7 Rxc3 43. Qd4 (43. Qa8+ $19 Kh7 44. Bd4) 43... Rd3 {Black mates.} 44. Qa7 Qb3 45. Bb6 Qd1+ 46. Kf2 Qd2+ 47. Kg1 Qe1+ {Accuracy: White = 30%, Black = 69%.} 0-1